TAnita Lovasboltjánál megvalósuló marketingkommunikációs tevékenység

Bibliográfiai részletek
Szerző: Füri Dorottya
További közreműködők: Papp Judit
Dokumentumtípus: Projektmunka
Kulcsszavak:Marketing
kereskedelem
marketing-kommunikáció
Online Access:http://dolgozattar.uni-bge.hu/16866

MARC

LEADER 00000nnm a2200000 i 4500
001 dolg16866
005 20190903171131.0
008 180515suuuu hu o 000 hun d
040 |a BGE Dolgozattár Repozitórium  |b hun 
041 |a hu 
100 1 |a Füri Dorottya 
245 1 0 |a TAnita Lovasboltjánál megvalósuló marketingkommunikációs tevékenység  |c Füri Dorottya  |h [elektronikus dokumentum] 
246 1 1 |a TAnita Lovasboltjánál megvalósuló marketingkommunikációs tevékenység 
516 |a Project_work 
695 |a  Marketing  
695 |a kereskedelem 
695 |a marketing-kommunikáció 
700 1 |a Papp Judit  |e ths 
856 4 0 |u http://dolgozattar.uni-bge.hu/16866/1/projekt%20munka_veglegesFD.pdf  |z Dokumentum-elérés